The human body an illustrated guide to its structure, function, and disorders

Bibliographic Details
Main Author: Clayman, Charles B. (Adapter)
Other Authors: Cameron, Joanna (Illustrator)
Format: Book
Language:English
PhysicalDescription:240 s. fareb. ilustr. 30 cm
Published: New York DK Publishing [2000]
ISBN:1564589927
Subjects:

MARC

LEADER 00000nam a2200000 a 4500
001 vtls001425066
003 SK-MaSNL
005 20260302001744.0
008 240226s2000 US a r eng
020 |a 1564589927 
035 |a SNK000379949 
035 |a urn:nbn:sk:snk-amyh8u 
035 |a urn:nbn:sk:snk-am00cjuw 
035 |a F2F3624D-9496-4C77-8C3C-5AE0EE10765C 
040 |a SNK  |b slo  |c SNK  |e AACR2 
041 0 |a eng 
044 |a US 
080 |a 611/612(084.12)  |2 1981 
245 0 4 |a The human body  |b an illustrated guide to its structure, function, and disorders  |c editor-in-chief Charles Clayman ; [illustrators Joanna Cameron ... [et al.]] 
260 |a New York  |b DK Publishing  |c [2000]  |e [Martin]  |f Neografia 
300 |a 240 s.  |b fareb. ilustr.  |c 30 cm 
500 |a Údaj o ilustr. prevzatý z rubu tit. strany 
650 0 7 |a telo ľudské  |x knihy pre deti ilustrované  |2 SNK  |9 391956 
700 1 |a Clayman, Charles B.  |4 adp  |9 638156 
700 1 |a Cameron, Joanna  |4 ill  |9 391957 
919 |a 1-56458-992-7 
999 |c 985142  |d 987072 
952 |t P60, <03>, [BOOK], {603}  |a SNK  |b SNK  |y PREZ  |7 0  |p 17A0324468  |o snkSB 64211  |i snkKSP 13489/2001  |0 0  |1 0  |4 0  |d 2001-11-29  |f 1  |l 0  |r 2025-04-17 00:00:00  |w 2026-02-24 
952 |t P60, <04>, [BOOK], {604}  |a SNK  |b SNK  |y VYP  |7 0  |p 17A0357871  |o snkSB 64211 D1  |i snkKSP 12231/2002  |0 0  |1 0  |4 0  |d 2002-10-04  |l 0  |r 2005-01-02 00:00:00  |w 2026-02-24